书目信息 |
| 题名: |
义和团运动在长春
|
|
| 作者: | 黎光 , 张璇如 著 | |
| 分册: | ||
| 出版信息: | 长春 吉林人民出版社 1981.4 |
|
| 页数: | 182页 | |
| 开本: | 19cm | |
| 丛书名: | ||
| 单 册: | ||
| 中图分类: | K256.7 | |
| 科图分类: | ||
| 主题词: | ||
| 电子资源: | ||
| ISBN: | ||
| 000 | 00482nam0 2200181 45 | |
| 001 | 0181011108 | |
| 005 | 20060731081902.79 | |
| 010 | @dCNY0.54 | |
| 100 | @a20810111d km y0chiy0120 ea | |
| 101 | 0 | @achi |
| 200 | 1 | @Ayi he tuan yun dong zai dong bei@a义和团运动在长春@f黎光,张璇如著 |
| 210 | @a长春@c吉林人民出版社@d1981.4 | |
| 215 | @a182页@d19cm | |
| 690 | @aK256.7 | |
| 701 | 0 | @a黎光@4著 |
| 701 | 0 | @a张璇如@4著 |
| 801 | @aCN@bTSTC@c20060731 | |
| 905 | @dK256.7@e20@f3@b214924-26 | |
| 义和团运动在长春/黎光,张璇如著.-长春:吉林人民出版社,1981.4 |
| 182页;19cm |
| ISBN :CNY0.54 |
| ● |
| 相关链接 |
|
|
|
|
正题名:义和团运动在长春
索取号:K256.7/20
 
预约/预借
| 序号 | 登录号 | 条形码 | 馆藏地/架位号 | 状态 | 备注 |
| 1 | 0214926 | 001292238 | 第二样本阅览室/ [索取号:K256.7/20] | 在馆 | |
| 2 | 0443813 | 204438135 | 密集书库/ [索取号:K256.7/20] | 在馆 |